书目信息 |
| 题名: |
抗氯盐高性能混凝土技术手册
|
|
| 作者: | 杨医博 , 梁松 , 莫海鸿 著 | |
| 分册: | ||
| 出版信息: | 北京 中国水利水电出版社 2006.08 |
|
| 页数: | 253页 | |
| 开本: | 21cm | |
| 丛书名: | 简明土木工程系列专辑 | |
| 单 册: | ||
| 中图分类: | TU528.31-62 | |
| 科图分类: | ||
| 主题词: | 高强混凝土--gao qiang hun ning tu--技术手册 | |
| 电子资源: | ||
| ISBN: | 7-5084-3888-4 | |
| 000 | 01168nam 2200301 450 | |
| 001 | 012006578818 | |
| 005 | 20061127163657.06 | |
| 010 | @a7-5084-3888-4@dCNY18.00 | |
| 100 | @a20061029d2006 km y0chiy0120 ea | |
| 101 | 0 | @achi |
| 102 | @aCN@b110000 | |
| 105 | @aac a 000yy | |
| 200 | 1 | @a抗氯盐高性能混凝土技术手册@Akang lu yan gao xing neng hun ning tu ji shu shou ce@f杨医博 … [等] 著@Fyang yi bo…[deng]zhu |
| 210 | @a北京@c中国水利水电出版社@d2006.08 | |
| 215 | @a253页@c图, 肖像@d21cm | |
| 225 | 2 | @a简明土木工程系列专辑@Ajian ming tu mu gong cheng xi lie zhuan ji |
| 304 | @a责任者还有: 梁松, 莫海鸿, 陈尤雯 | |
| 320 | @a有书目 (第248-250页)。 | |
| 330 | @a本书首先介绍了如何从环境条件和结构设计方面来考虑混凝土的搞氯盐性能, 进而重点介绍了几种抗氯盐高性能混凝土的原材料要求等。 | |
| 333 | @a从事土木工程、水利工程以及土木工程材料专业师生 | |
| 410 | 0 | @12001 @a简明土木工程系列专辑 |
| 606 | 0 | @a高强混凝土@Agao qiang hun ning tu@j技术手册 |
| 690 | @aTU528.31-62@v4 | |
| 701 | 0 | @a杨医博@Ayang yi bo@4著 |
| 701 | 0 | @a梁松@Aliang song@4著 |
| 701 | 0 | @a莫海鸿@Amo hai hong@4著 |
| 801 | 0 | @aCN@c20061127 |
| 905 | @a10447@dTU528.31-62@eY310 | |
| 抗氯盐高性能混凝土技术手册/杨医博 … [等] 著.-北京:中国水利水电出版社,2006.08 |
| 253页:图, 肖像;21cm.-(简明土木工程系列专辑) |
| 使用对象:从事土木工程、水利工程以及土木工程材料专业师生 |
| ISBN 7-5084-3888-4:CNY18.00 |
| 本书首先介绍了如何从环境条件和结构设计方面来考虑混凝土的搞氯盐性能, 进而重点介绍了几种抗氯盐高性能混凝土的原材料要求等。 |
| ● |
| 相关链接 |
|
|
|
正题名:抗氯盐高性能混凝土技术手册
索取号:TU528.31-62/Y310
 
预约/预借
| 序号 | 登录号 | 条形码 | 馆藏地/架位号 | 状态 | 备注 |
| 1 | 224593 | 202245935 | 建筑库201/201建筑库 8排3列1层/ [索取号:TU528.31-62/Y310] | 在馆 | |
| 2 | 224594 | 202245944 | 建筑库201/201建筑库 8排3列2层/ [索取号:TU528.31-62/Y310] | 在馆 | |
| 3 | 224595 | 202245953 | 建筑库201/201建筑库 8排3列1层/ [索取号:TU528.31-62/Y310] | 在馆 |